Statistics for Top 20 Most Famous Popes' Names

Click here to take the quiz!

General Stats

  • This quiz has been taken 612 times
  • The average score is 11 of 20

Answer Stats

%yearname% Correct
981963John
98%
891978Paul
91%
922013Benedict
86%
872005John Paul
76%
8264Peter
75%
932014Francis
75%
701958Pius
71%
411644Urban
57%
471903Leo
57%
431724Innocent
55%
441846Gregory
52%
351775Clement
45%
391667Alexander
45%
331058Stephen
32%
261590Sixtus
31%
46337Mark
30%
221404Boniface
28%
281555Julius
25%
201431Martin
18%
2076Linus
16%

Score Distribution

Percentile by Number Answered

Percent of People with Each Score

Your Score History

You have not taken this quiz